Statistics for Name a Book of the Bible A-Z

Click here to take the quiz!

General Stats

  • This quiz has been taken 52 times
  • The average score is 14 of 18

Answer Stats

Letter Book % Correct
JJames | Jeremiah | Job | Joel | John |
Jonah | Joshua | Jude | Judges
98%
LLamentations | Leviticus | Luke
94%
RRevelation | Romans | Ruth
92%
GGalatians | Genesis
90%
PPeter | Philemon | Philippians |
Proverbs | Psalms
90%
EEcclesiastes | Ephesians | Esther |
Exodus | Ezekiel | Ezra
88%
MMalachi | Mark | Matthew | Micah
88%
DDaniel | Deuteronomy
83%
CChronicles | Colossians | Corinthians
81%
AActs | Amos
79%
NNahum | Nehemiah | Numbers
73%
KKings
69%
SSamuel | Song of Solomon
69%
HHabakkuk | Haggai | Hebrews | Hosea
67%
TThessalonians | Timothy | Titus
63%
IIsaiah
58%
OObadiah
50%
ZZechariah | Zephaniah
46%

Score Distribution

Percentile by Number Answered

Percent of People with Each Score

Your Score History

You have not taken this quiz